Education Law in Canada A Guide for Teachers and Administrators /

Detalles Bibliográficos
Autor principal: Young, David C.
Formato: eBook
Lenguaje:inglés
Publicado: Toronto: Irwin Law Inc., 2017
Materias:
Acceso en línea:Acceso restringido

MARC

LEADER 00000nam a22000007a 4500
005 20210809231559.0
007 cr|||| ||||
008 210809s2017 ca |||||s|||| 00||0 eng d
020 |a 9781552214435 
035 |a 34954 
040 |a vLex 
090 |c 11945  |d 11945 
100 1 |a Young, David C. 
245 1 0 |a Education Law in Canada  |h [Recurso electrn̤ico] :  |b A Guide for Teachers and Administrators /  |c David C. Young 
256 |a Servicio en ln̕ea 
260 |a Toronto:  |b Irwin Law Inc.,  |c 2017 
300 |a 1 recurso electrn̤ico 
500 |a Education Law in Canada: A Guide for Teachers and Administrators is a comprehensive examination of the many legal issues that impact public education in this country. With informative and easily accessible contributions from members of the legal and academic communities, the topics in this edited collection will be of particular interest to those who work or have an interest in schools and the educational system. Providing pan-Canadian coverage, issues addressed in this book include the following: the value of education law; the legal and administrative framework of education; the role of the courts; teacher rights and duties; student rights; negligence and liability; issues of misconduct; bullying and cyberbullying; special education; and copyright. 
506 1 |a Disponible solo en los productos indicados  |d vLex Global  |d vLex Global (Academic Edition, excluding Law Schools)  |d vLex Global (U.S. Academic Edition, Law Schools)  |d vLex Global (U.S. Academic Edition, excluding Law Schools)  |d vLex Global (Academic Edition, Law Schools) 
650 0 4 |a Educacin̤  |z Canad̀ 
740 0 |a vLex Libros (Servicio en ln̕ea) 
856 4 0 |u https://app.vlex.com/#/sources/34954  |z Acceso restringido 
942 |c BOOK 
999 0 |a Education